[Event "Nordic-ch Seniors"]
[Site "Elsinore"]
[Date "2007.07.29"]
[Round "9"]
[White "Akvist, Hakan"]
[Black "Bue, Gunnar"]
[Result "1-0"]
[WhiteElo "2161"]
[BlackElo "1809"]
[PlyCount "49"]
[EventDate "2007.07.21"]
[EventType "swiss"]
[EventRounds "9"]
[EventCountry "DEN"]
[Source "ChessBase"]
[SourceDate "2009.11.30"]

1. d4 Nf6 2. c4 g6 3. Nc3 Bg7 4. e4 d6 5. f4 O-O 6. Nf3 c5 7. d5 e6 8. dxe6
fxe6 9. Bd3 Nc6 10. O-O a6 11. Qe1 Bd7 12. Bd2 Nb4 13. Bb1 b5 14. a3 Nc6 15.
cxb5 axb5 16. Nxb5 Ne8 17. Bc3 Bxc3 18. Nxc3 Rxf4 19. Ba2 Kg7 20. Rd1 Qe7 21.
Qe3 Rf8 22. e5 d5 23. Bxd5 exd5 24. Nxd5 Rxf3 25. Qxf3 1-0

[Event "Nordic-ch Seniors"]
[Site "Elsinore"]
[Date "2007.07.23"]
[Round "3"]
[White "Akvist, Hakan"]
[Black "Lardot, Derik"]
[Result "1-0"]
[WhiteElo "2161"]
[BlackElo "2034"]
[PlyCount "93"]
[EventDate "2007.07.21"]
[EventType "swiss"]
[EventRounds "9"]
[EventCountry "DEN"]
[Source "ChessBase"]
[SourceDate "2009.11.30"]

1. d4 d5 2. Nf3 Nc6 3. g3 Bf5 4. Nh4 Bg6 5. Bg2 e6 6. O-O Be7 7. Nxg6 hxg6 8.
c4 Bf6 9. cxd5 exd5 10. Nc3 Nge7 11. e3 Qd7 12. Na4 b6 13. Bd2 Nd8 14. Rc1 Nb7
15. b3 O-O-O 16. Bb4 Rh7 17. Qf3 Nd6 18. Bxd6 Qxd6 19. Rc2 Rdh8 20. h3 c6 21.
Rfc1 Kb8 22. Nb2 Rc8 23. Nd3 Rhh8 24. b4 Kb7 25. a4 a6 26. Rb2 Rhd8 27. Qe2 Ra8
28. Nc5+ Kc8 29. Nxa6 Kd7 30. b5 Ke8 31. Rbc2 c5 32. dxc5 bxc5 33. Rxc5 Kf8 34.
Qd3 Kg8 35. e4 dxe4 36. Qxd6 Rxd6 37. Bxe4 Rad8 38. R5c4 Rd2 39. R1c2 Rd1+ 40.
Kg2 Rb1 41. Ra2 Rb3 42. Nc5 Rc3 43. Rxc3 Bxc3 44. a5 Rb8 45. a6 Nc8 46. Bb7 Nb6
47. a7 1-0

[Event "Nordic-ch Seniors"]
[Site "Elsinore"]
[Date "2007.07.25"]
[Round "5"]
[White "Akvist, Hakan"]
[Black "Ofstad, Per"]
[Result "0-1"]
[WhiteElo "2161"]
[BlackElo "2169"]
[PlyCount "48"]
[EventDate "2007.07.21"]
[EventType "swiss"]
[EventRounds "9"]
[EventCountry "DEN"]
[Source "ChessBase"]
[SourceDate "2009.11.30"]

1. d4 d5 2. Nf3 Nf6 3. c4 c6 4. Nc3 e6 5. e3 Nbd7 6. Bd3 dxc4 7. Bxc4 b5 8. Bb3
Bb7 9. O-O Be7 10. a4 b4 11. Ne2 O-O 12. Nf4 Qa5 13. Nd2 c5 14. Re1 Rac8 15.
Nc4 Qa6 16. Ne5 Rfd8 17. Bc4 Qd6 18. Nxd7 Rxd7 19. Bb5 Rdd8 20. Qe2 a6 21. Bc4
g5 22. Nh5 cxd4 23. Nxf6+ Bxf6 24. exd4 Qc6 0-1

[Event "Nordic-ch Seniors"]
[Site "Elsinore"]
[Date "2007.07.21"]
[Round "1"]
[White "Akvist, Hakan"]
[Black "Iversen, Jens"]
[Result "1-0"]
[WhiteElo "2161"]
[BlackElo "1550"]
[PlyCount "47"]
[EventDate "2007.07.21"]
[EventType "swiss"]
[EventRounds "9"]
[EventCountry "DEN"]
[Source "ChessBase"]
[SourceDate "2009.11.30"]

1. e4 c5 2. Nf3 d6 3. d4 cxd4 4. Nxd4 Nf6 5. Nc3 g6 6. Be3 Bg7 7. f3 O-O 8. Bc4
Nc6 9. Bb3 Bd7 10. h4 Qa5 11. h5 gxh5 12. Qd2 Rfc8 13. O-O-O Ne5 14. Bh6 Nc4
15. Bxc4 Rxc4 16. Nb3 Qc7 17. Qg5 Ne8 18. Bxg7 Nxg7 19. Qxe7 Rxc3 20. bxc3 Ne8
21. Rxh5 Rc8 22. Rg5+ Ng7 23. Qf6 Qxc3 24. Rxg7+ 1-0

[Event "Nordic-ch Seniors"]
[Site "Elsinore"]
[Date "2007.07.26"]
[Round "6"]
[White "Andersson, Mats"]
[Black "Akvist, Hakan"]
[Result "0-1"]
[WhiteElo "2328"]
[BlackElo "2161"]
[PlyCount "108"]
[EventDate "2007.07.21"]
[EventType "swiss"]
[EventRounds "9"]
[EventCountry "DEN"]
[Source "ChessBase"]
[SourceDate "2009.11.30"]

1. d4 Nf6 2. Nf3 g6 3. c4 Bg7 4. Nc3 c5 5. Bg5 cxd4 6. Nxd4 h6 7. Bxf6 Bxf6 8.
e3 O-O 9. Be2 Nc6 10. Qd2 d6 11. Rb1 Bd7 12. Bf3 Ne5 13. Bxb7 Nxc4 14. Qe2 Rb8
15. Be4 Nb6 16. O-O e6 17. Rfc1 d5 18. Bd3 e5 19. Nb3 e4 20. Bb5 Be6 21. f3
exf3 22. gxf3 Nc4 23. Bxc4 dxc4 24. Nd2 Bf5 25. Nce4 Bxb2 26. Rxc4 Bg7 27. Rcb4
Rxb4 28. Rxb4 Qa5 29. Qb5 Qxa2 30. Ra4 Qc2 31. Rxa7 Bh3 32. Qb1 Qxb1+ 33. Nxb1
Rc8 34. Nbd2 f5 35. Ng3 f4 36. Ngf1 Rc1 37. Ra8+ Kh7 38. Kf2 Bxf1 39. Nxf1 Rc2+
40. Ke1 Bc3+ 41. Kd1 Rf2 42. Ra7+ Kg8 43. Ra8+ Kf7 44. Ra7+ Kf6 45. Ra6+ Kf5
46. e4+ Ke5 47. Rxg6 Rxf1+ 48. Kc2 Rxf3 49. Rxh6 Kxe4 50. h4 Be5 51. h5 Rh3 52.
Kd2 Rh2+ 53. Ke1 f3 54. Rh7 Ke3 0-1

[Event "Nordic-ch Seniors"]
[Site "Elsinore"]
[Date "2007.07.24"]
[Round "4"]
[White "Andersson, Mats"]
[Black "Christiansen, Niels Jorgen"]
[Result "1-0"]
[WhiteElo "2328"]
[BlackElo "1426"]
[PlyCount "77"]
[EventDate "2007.07.21"]
[EventType "swiss"]
[EventRounds "9"]
[EventCountry "DEN"]
[Source "ChessBase"]
[SourceDate "2009.11.30"]

1. e4 c5 2. Nf3 d6 3. d4 cxd4 4. Nxd4 Nf6 5. Nc3 a6 6. f3 e6 7. Bg5 Be7 8. Qd2
Nbd7 9. O-O-O Qc7 10. g4 Ne5 11. Kb1 h6 12. Bf4 Ng6 13. Bg3 e5 14. Nf5 Bxf5 15.
gxf5 Nf8 16. Nd5 Nxd5 17. Qxd5 Nd7 18. f4 Nf6 19. Qd3 O-O 20. Be2 Rac8 21. c3
Rfd8 22. Bf3 Nd7 23. Rhg1 Bf6 24. Qxd6 Qa5 25. Qd2 exf4 26. Bxf4 Ne5 27. Qe2
Nxf3 28. Rxd8+ Rxd8 29. Qxf3 Qb5 30. Kc2 Qa4+ 31. Kb1 Qb5 32. Bxh6 Rd3 33. Qg2
Bxc3 34. Bxg7 Rg3 35. hxg3 Bxg7 36. Qc2 Be5 37. g4 Qb6 38. Rh1 Qe3 39. Qc8+ 1-0

[Event "Nordic-ch Seniors"]
[Site "Elsinore"]
[Date "2007.07.28"]
[Round "8"]
[White "Andersson, Mats"]
[Black "Iversen, Jens"]
[Result "1-0"]
[WhiteElo "2328"]
[BlackElo "1550"]
[PlyCount "79"]
[EventDate "2007.07.21"]
[EventType "swiss"]
[EventRounds "9"]
[EventCountry "DEN"]
[Source "ChessBase"]
[SourceDate "2009.11.30"]

1. d4 d5 2. Nf3 Nf6 3. e3 c6 4. Bd3 g6 5. Nbd2 Bg4 6. O-O Bg7 7. b3 O-O 8. c4
dxc4 9. Bxc4 Nbd7 10. Bb2 Nb6 11. Bd3 e6 12. Rc1 Rc8 13. h3 Bxf3 14. Qxf3 Qc7
15. Bb1 Rfd8 16. Rfe1 Ne8 17. h4 e5 18. Nc4 exd4 19. exd4 Rd7 20. Ne5 Bxe5 21.
dxe5 Ng7 22. g4 Ne6 23. h5 Nd5 24. Rcd1 Qd8 25. Bc1 Qh4 26. Kg2 gxh5 27. Rh1
Qxg4+ 28. Qxg4+ hxg4 29. Bxh7+ Kf8 30. Bf5 Ndf4+ 31. Bxf4 Rxd1 32. Rxd1 Nxf4+
33. Kg3 Ne6 34. Rd7 Rb8 35. Bxe6 fxe6 36. Kxg4 a5 37. Kg5 b5 38. Rc7 Rb6 39.
Kf6 a4 40. Rc8# 1-0

[Event "Nordic-ch Seniors"]
[Site "Elsinore"]
[Date "2007.07.29"]
[Round "9"]
[White "Andersson, Mats"]
[Black "Ofstad, Per"]
[Result "1/2-1/2"]
[WhiteElo "2328"]
[BlackElo "2169"]
[PlyCount "22"]
[EventDate "2007.07.21"]
[EventType "swiss"]
[EventRounds "9"]
[EventCountry "DEN"]
[Source "ChessBase"]
[SourceDate "2009.11.30"]

1. e4 e6 2. d4 d5 3. exd5 exd5 4. Bd3 Bd6 5. Ne2 Qf6 6. c3 Ne7 7. Nd2 Bf5 8.
Nf3 Bxd3 9. Qxd3 Nbc6 10. O-O O-O 11. Bg5 Qg6 1/2-1/2

[Event "Nordic-ch Seniors"]
[Site "Elsinore"]
[Date "2007.07.21"]
[Round "1"]
[White "Bue, Gunnar"]
[Black "Videbaek, Kurt"]
[Result "1/2-1/2"]
[WhiteElo "1809"]
[BlackElo "1370"]
[PlyCount "79"]
[EventDate "2007.07.21"]
[EventType "swiss"]
[EventRounds "9"]
[EventCountry "DEN"]
[Source "ChessBase"]
[SourceDate "2009.11.30"]

1. d4 d5 2. c4 Nf6 3. Nf3 Bf5 4. e3 h6 5. Nc3 e6 6. Bd3 Bxd3 7. Qxd3 c6 8. O-O
Be7 9. b3 Nbd7 10. Bb2 O-O 11. c5 b5 12. b4 a5 13. a3 Qc7 14. Ne2 Ne4 15. Nd2
Nxd2 16. Qxd2 Ra7 17. Nc1 axb4 18. axb4 Rxa1 19. Bxa1 Ra8 20. Nb3 Qc8 21. Bc3
Bd8 22. Qb2 Ra4 23. Ra1 Qa8 24. Na5 Rxa1+ 25. Qxa1 Bxa5 26. bxa5 Nb8 27. Bd2
Na6 28. f3 f5 29. Qb1 Qd8 30. e4 dxe4 31. Be3 exf3 32. gxf3 Qxa5 33. Qc1 Qa2
34. Bxh6 gxh6 35. Qxh6 Qb1+ 36. Kg2 Qa2+ 37. Kg3 Qd5 38. Qg6+ Kf8 39. Qf6+ Kg8
40. Qg6+ 1/2-1/2

[Event "Nordic-ch Seniors"]
[Site "Elsinore"]
[Date "2007.07.28"]
[Round "8"]
[White "Bue, Gunnar"]
[Black "Wicklund Hansen, Richard"]
[Result "0-1"]
[WhiteElo "1809"]
[BlackElo "1944"]
[PlyCount "88"]
[EventDate "2007.07.21"]
[EventType "swiss"]
[EventRounds "9"]
[EventCountry "DEN"]
[Source "ChessBase"]
[SourceDate "2009.11.30"]

1. d4 d5 2. c4 Nc6 3. e3 e6 4. a3 a5 5. Nf3 Nf6 6. Nc3 b6 7. Bd3 dxc4 8. Bxc4
Ba6 9. Bxa6 Rxa6 10. O-O Qd7 11. e4 Be7 12. d5 Nd8 13. Qd3 Ra8 14. Rd1 O-O 15.
Bg5 Re8 16. dxe6 Qxe6 17. Bxf6 Bxf6 18. Nd5 Rc8 19. Nxf6+ Qxf6 20. e5 Qe7 21.
Rac1 Ne6 22. g3 h6 23. Qb5 Red8 24. Rxd8+ Rxd8 25. Kg2 Nc5 26. b4 axb4 27. axb4
Nd3 28. Rc4 Qd7 29. Qxd7 Rxd7 30. Re4 Rd5 31. e6 fxe6 32. Nd4 Nxb4 33. Nxe6 c5
34. Nc7 Rd7 35. Nb5 Kf7 36. Kf3 Nc6 37. Kg4 Nd4 38. Nc3 b5 39. Rf4+ Kg6 40. Nb1
c4 41. Re4 b4 42. Re1 h5+ 43. Kh3 c3 44. Rc1 Nb3 0-1

[Event "Nordic-ch Seniors"]
[Site "Elsinore"]
[Date "2007.07.23"]
[Round "3"]
[White "Bue, Gunnar"]
[Black "Jessen, Ernst J"]
[Result "1/2-1/2"]
[WhiteElo "1809"]
[BlackElo "1577"]
[PlyCount "149"]
[EventDate "2007.07.21"]
[EventType "swiss"]
[EventRounds "9"]
[EventCountry "DEN"]
[Source "ChessBase"]
[SourceDate "2009.11.30"]

1. d4 c6 2. c4 d5 3. e3 Bf5 4. Bd3 Bxd3 5. Qxd3 Nf6 6. Nf3 e6 7. O-O Be7 8. Nc3
dxc4 9. Qxc4 O-O 10. a4 Nd5 11. Bd2 Nxc3 12. Bxc3 Nd7 13. a5 a6 14. e4 Nf6 15.
Rfe1 Rc8 16. Qb3 Qc7 17. Ra4 Rfd8 18. Ne5 Bd6 19. Nf3 Bf8 20. d5 Nd7 21. Rc4
exd5 22. exd5 Nc5 23. Qc2 Rxd5 24. Rh4 h6 25. Be5 Qd7 26. Bc3 Qf5 27. Qe2 Rcd8
28. Nd4 Qd7 29. b4 Ne6 30. Nxe6 Qxe6 31. Re4 Qd7 32. g3 Rd1 33. Qf3 Rxe1+ 34.
Rxe1 Qd5 35. Qg4 Qd3 36. Rc1 Qd5 37. Re1 Qd7 38. Qf4 Qd6 39. Qg4 Qd3 40. Rc1 f5
41. Qf4 Qd7 42. Re1 Qf7 43. h4 Rd5 44. Rb1 Bd6 45. Qe3 Qd7 46. Re1 Bf8 47. Qf4
Rd3 48. Qc4+ Qd5 49. Qxd5+ Rxd5 50. h5 Kf7 51. Kg2 Rd3 52. Re3 Rd5 53. Re1 c5
54. bxc5 Rxc5 55. Bb4 Rb5 56. Bxf8 Kxf8 57. Ra1 Kf7 58. Ra4 Kf6 59. f4 Ke6 60.
Kh3 Kd5 61. g4 fxg4+ 62. Kxg4 Ke6 63. Ra2 Kf6 64. Ra4 Rb1 65. Re4 b6 66. axb6
Rxb6 67. Ra4 g6 68. hxg6 Kxg6 69. Ra5 Kf6 70. Kh4 Kg6 71. Kg4 Kg7 72. Kh4 h5
73. Rg5+ Kh6 74. Rxh5+ Kg6 75. Ra5 1/2-1/2

[Event "Nordic-ch Seniors"]
[Site "Elsinore"]
[Date "2007.07.29"]
[Round "9"]
[White "Christiansen, Niels Jorgen"]
[Black "Ovesen, Karsten"]
[Result "0-1"]
[WhiteElo "1426"]
[BlackElo "1428"]
[PlyCount "32"]
[EventDate "2007.07.21"]
[EventType "swiss"]
[EventRounds "9"]
[EventCountry "DEN"]
[Source "ChessBase"]
[SourceDate "2009.11.30"]

1. Nf3 Nc6 2. d4 d5 3. e3 Nf6 4. c4 e6 5. Nc3 Bb4 6. a3 Bxc3+ 7. bxc3 O-O 8.
cxd5 exd5 9. Qc2 Bg4 10. c4 Bh5 11. cxd5 Nxd5 12. Rb1 Rb8 13. Bd2 Nf6 14. Rc1
Re8 15. Bb5 Bxf3 16. gxf3 Nxd4 0-1

[Event "Nordic-ch Seniors"]
[Site "Elsinore"]
[Date "2007.07.26"]
[Round "6"]
[White "Christiansen, Niels Jorgen"]
[Black "Jessen, Ernst J"]
[Result "0-1"]
[WhiteElo "1426"]
[BlackElo "1577"]
[PlyCount "66"]
[EventDate "2007.07.21"]
[EventType "swiss"]
[EventRounds "9"]
[EventCountry "DEN"]
[Source "ChessBase"]
[SourceDate "2009.11.30"]

1. e4 Nf6 2. e5 Nd5 3. d4 d6 4. c4 Nb6 5. exd6 exd6 6. Be3 c6 7. d5 cxd5 8.
cxd5 Be7 9. Nc3 O-O 10. Rc1 N8d7 11. Nf3 Nf6 12. Qb3 Ng4 13. Bf4 Bd7 14. Bb5
Rc8 15. O-O Nf6 16. Rfe1 Ng4 17. a4 Nf6 18. Bxd7 Qxd7 19. a5 Na8 20. Bg5 b6 21.
Nd4 h6 22. Bxf6 Bxf6 23. Nc6 Rfe8 24. Nb5 Rxe1+ 25. Rxe1 bxa5 26. Qe3 Nb6 27.
Nbxa7 Nxd5 28. Qb3 Re8 29. Rd1 Nb4 30. Nxb4 axb4 31. Qa2 Ra8 32. Ra1 d5 33. Qa6
Bd4 0-1

[Event "Nordic-ch Seniors"]
[Site "Elsinore"]
[Date "2007.07.27"]
[Round "7"]
[White "Christiansen, Niels Jorgen"]
[Black "Bue, Gunnar"]
[Result "0-1"]
[WhiteElo "1426"]
[BlackElo "1809"]
[PlyCount "36"]
[EventDate "2007.07.21"]
[EventType "swiss"]
[EventRounds "9"]
[EventCountry "DEN"]
[Source "ChessBase"]
[SourceDate "2009.11.30"]

1. f4 c5 2. e4 e6 3. Nc3 Nc6 4. Nf3 a6 5. a4 b6 6. Bc4 Bb7 7. O-O Be7 8. d3 Nf6
9. Kh1 O-O 10. Be3 d5 11. exd5 exd5 12. Bxd5 Nxd5 13. Bd2 Nxc3 14. bxc3 Bf6 15.
Qe2 Re8 16. Qf2 Qd7 17. h3 Ne7 18. Ne5 Qxh3+ 0-1

[Event "Nordic-ch Seniors"]
[Site "Elsinore"]
[Date "2007.07.21"]
[Round "1"]
[White "Christiansen, Niels Jorgen"]
[Black "Wicklund Hansen, Richard"]
[Result "0-1"]
[WhiteElo "1426"]
[BlackElo "1944"]
[PlyCount "120"]
[EventDate "2007.07.21"]
[EventType "swiss"]
[EventRounds "9"]
[EventCountry "DEN"]
[Source "ChessBase"]
[SourceDate "2009.11.30"]

1. d4 Nc6 2. e4 e5 3. Nf3 exd4 4. Nxd4 Bc5 5. c3 d6 6. Bc4 Bd7 7. O-O h6 8. Be3
Ne5 9. Qb3 Nf6 10. Nd2 O-O 11. Be2 Re8 12. Qc2 a5 13. Rad1 Qc8 14. N2f3 Nxf3+
15. Bxf3 Bg4 16. Rfe1 Bxf3 17. gxf3 Qh3 18. Qe2 d5 19. Nf5 Bxe3 20. fxe3 dxe4
21. Ng3 exf3 22. Qf1 f2+ 23. Qxf2 Ng4 24. Qd2 Re6 25. e4 Rg6 26. Qe2 Nxh2 27.
Qxh2 Qxg3+ 28. Qxg3 Rxg3+ 29. Kf2 Rg6 30. Rd7 Rd6 31. Rxc7 Rb6 32. Re2 Rd8 33.
Rc5 Rf6+ 34. Ke3 b6 35. Rb5 g5 36. e5 Re6 37. Ke4 Rde8 38. Rh2 Rc8 39. b3 Rxc3
40. Rd2 f6 41. Kd4 Rc7 42. Ke4 Kg7 43. Kf5 Rce7 44. exf6+ Rxf6+ 45. Kg4 Kg6 46.
Rbd5 h5+ 47. Kg3 h4+ 48. Kh2 Ref7 49. Rg2 Rf5 50. Rd6+ R7f6 51. Rd4 Rf2 52. Rd2
Rxg2+ 53. Rxg2 Kh5 54. Kh3 g4+ 55. Kh2 g3+ 56. Kg1 Rc6 57. Rd2 Rf6 58. Kg2 Kg4
59. Rd4+ Rf4 60. Rd6 h3+ 0-1

[Event "Nordic-ch Seniors"]
[Site "Elsinore"]
[Date "2007.07.23"]
[Round "3"]
[White "Christiansen, Niels Jorgen"]
[Black "Olesen, Holger Vestergaard"]
[Result "0-1"]
[WhiteElo "1426"]
[BlackElo "1996"]
[PlyCount "52"]
[EventDate "2007.07.21"]
[EventType "swiss"]
[EventRounds "9"]
[EventCountry "DEN"]
[Source "ChessBase"]
[SourceDate "2009.11.30"]

1. Nf3 d5 2. d4 Nf6 3. c4 e6 4. Nc3 Be7 5. e3 O-O 6. cxd5 exd5 7. Be2 Bf5 8.
Qb3 b6 9. O-O Nc6 10. Bd2 Na5 11. Qd1 Nb7 12. Rc1 Ne4 13. Ne5 Bd6 14. Ba6 Nxd2
15. Qxd2 Na5 16. a4 Nb3 17. Qe2 Nxc1 18. Rxc1 Bxe5 19. dxe5 Be6 20. Bb7 Rb8 21.
Bc6 f6 22. f4 fxe5 23. fxe5 Rf5 24. e4 Rxe5 25. Rd1 Qg5 26. h3 Rd8 0-1

[Event "Nordic-ch Seniors"]
[Site "Elsinore"]
[Date "2007.07.22"]
[Round "2"]
[White "Iversen, Jens"]
[Black "Christiansen, Niels Jorgen"]
[Result "0-1"]
[WhiteElo "1550"]
[BlackElo "1426"]
[PlyCount "76"]
[EventDate "2007.07.21"]
[EventType "swiss"]
[EventRounds "9"]
[EventCountry "DEN"]
[Source "ChessBase"]
[SourceDate "2009.11.30"]

1. d4 d5 2. c4 c6 3. e3 Nf6 4. Nf3 Bf5 5. Nc3 e6 6. a3 Nbd7 7. Be2 Qc7 8. Bd2
dxc4 9. Bxc4 Bd6 10. O-O O-O 11. Re1 Ne4 12. Bf1 Ndf6 13. Rc1 a6 14. Ne2 Ng4
15. Nf4 Nexf2 16. Qb3 Ne4 17. Bb4 Bxb4 18. Qxb4 Ngf6 19. Qb3 Nd5 20. Nxd5 exd5
21. Ne5 Qe7 22. Nf3 Rfd8 23. Bd3 Rac8 24. Qc2 Rd6 25. b4 Rh6 26. Re2 Bg4 27.
Rf1 Qc7 28. g3 Bh3 29. Qc1 Nxg3 30. Ref2 Bxf1 31. Bxf1 Nxf1 32. Qxf1 Re8 33.
Ne5 Qe7 34. Nxf7 Rg6+ 35. Kh1 Qe4+ 36. Rf3 Rf8 37. Ne5 Rxf3 38. Nxf3 Rf6 0-1

[Event "Nordic-ch Seniors"]
[Site "Elsinore"]
[Date "2007.07.26"]
[Round "6"]
[White "Iversen, Jens"]
[Black "Olesen, Holger Vestergaard"]
[Result "0-1"]
[WhiteElo "1550"]
[BlackElo "1996"]
[PlyCount "62"]
[EventDate "2007.07.21"]
[EventType "swiss"]
[EventRounds "9"]
[EventCountry "DEN"]
[Source "ChessBase"]
[SourceDate "2009.11.30"]

1. d4 Nf6 2. c4 c5 3. e3 cxd4 4. exd4 g6 5. Nf3 Bg7 6. Be2 O-O 7. O-O Nc6 8.
Nc3 d5 9. b3 Bg4 10. Be3 Ne4 11. Rc1 Nxc3 12. Rxc3 Qa5 13. Rc2 Rfd8 14. cxd5
Rxd5 15. Bc4 Rf5 16. Be2 Rd8 17. Ne5 Bxe2 18. Qxe2 Nxe5 19. dxe5 Rxe5 20. Rfc1
Red5 21. Rc8 h5 22. g3 Bf6 23. a4 a6 24. Qc2 Kg7 25. Kg2 R8d7 26. Rc7 h4 27.
Rxd7 Rxd7 28. Qc4 Qh5 29. h3 hxg3 30. fxg3 Qf5 31. Qf1 Rd3 0-1

[Event "Nordic-ch Seniors"]
[Site "Elsinore"]
[Date "2007.07.25"]
[Round "5"]
[White "Iversen, Jens"]
[Black "Bue, Gunnar"]
[Result "0-1"]
[WhiteElo "1550"]
[BlackElo "1809"]
[PlyCount "76"]
[EventDate "2007.07.21"]
[EventType "swiss"]
[EventRounds "9"]
[EventCountry "DEN"]
[Source "ChessBase"]
[SourceDate "2009.11.30"]

1. d4 Nf6 2. c4 g6 3. Nc3 Bg7 4. Nf3 d6 5. e4 O-O 6. Bd3 c6 7. O-O Bg4 8. h3
Bd7 9. Bf4 Nh5 10. Bh2 Qb6 11. Qb1 Bxd4 12. Rd1 Bxf2+ 13. Kh1 Ng3+ 14. Bxg3
Bxg3 15. Ng5 Be5 16. Na4 Qa5 17. Bc2 b5 18. cxb5 cxb5 19. Nc3 Bxc3 20. bxc3
Qxc3 21. Rd3 Qe5 22. Nxh7 Kxh7 23. Rd5 Qf4 24. Qd1 Kh6 25. Qd3 Bc6 26. Rf1 Qh4
27. Qe3+ g5 28. Rdf5 f6 29. Kh2 Qh5 30. g3 Kg7 31. h4 Rh8 32. Bd1 Qg6 33. h5
Rxh5+ 34. Bxh5 Qxh5+ 35. Kg2 Bd7 36. Rh1 Qg6 37. Rff1 Nc6 38. Qe2 Ne5 0-1

[Event "Nordic-ch Seniors"]
[Site "Elsinore"]
[Date "2007.07.29"]
[Round "9"]
[White "Iversen, Jens"]
[Black "Lardot, Derik"]
[Result "0-1"]
[WhiteElo "1550"]
[BlackElo "2034"]
[PlyCount "56"]
[EventDate "2007.07.21"]
[EventType "swiss"]
[EventRounds "9"]
[EventCountry "DEN"]
[Source "ChessBase"]
[SourceDate "2009.11.30"]

1. d4 d5 2. c4 Nc6 3. e3 e6 4. Nf3 Nf6 5. Nc3 Be7 6. Bd3 a6 7. cxd5 exd5 8. O-O
O-O 9. Re1 Bg4 10. h3 Bh5 11. Be2 Bd6 12. Ne5 Bxe2 13. Nxc6 Qe8 14. Qxe2 Qxc6
15. e4 Nxe4 16. Nxe4 dxe4 17. Qg4 f5 18. Qd1 Qd5 19. Qb3 Qxb3 20. axb3 Bb4 21.
Rd1 Rad8 22. Bf4 c6 23. Be5 Rd5 24. h4 Rfd8 25. g3 R8d7 26. Kf1 c5 27. Ke2 cxd4
28. Rac1 Rxe5 0-1

[Event "Nordic-ch Seniors"]
[Site "Elsinore"]
[Date "2007.07.25"]
[Round "5"]
[White "Jessen, Ernst J"]
[Black "Andersson, Mats"]
[Result "0-1"]
[WhiteElo "1577"]
[BlackElo "2328"]
[PlyCount "90"]
[EventDate "2007.07.21"]
[EventType "swiss"]
[EventRounds "9"]
[EventCountry "DEN"]
[Source "ChessBase"]
[SourceDate "2009.11.30"]

1. e4 e6 2. d4 d5 3. e5 c5 4. c3 Nc6 5. Nf3 Bd7 6. Bd3 Qb6 7. Bc2 cxd4 8. cxd4
Bb4+ 9. Nc3 Rc8 10. O-O f6 11. Na4 Qc7 12. a3 Be7 13. exf6 Bxf6 14. Be3 Nge7
15. Nc5 Nf5 16. Bxf5 exf5 17. Qd2 O-O 18. Bf4 Qd8 19. Nxb7 Qb6 20. Nc5 Rf7 21.
Rfe1 Nxd4 22. Nxd7 Nxf3+ 23. gxf3 Rxd7 24. Rac1 Rxc1 25. Rxc1 Qxb2 26. Rc8+ Kf7
27. Qd3 g6 28. Rc7 Rxc7 29. Bxc7 Qc1+ 30. Kg2 Qxc7 31. Qxd5+ Kg7 32. a4 a5 33.
h3 Bc3 34. h4 Qf4 35. Qd7+ Kh6 36. Qd8 Kh5 37. Qe7 h6 38. Qc5 Bb4 39. Qc2 Qxh4
40. Qd3 Be1 41. Qe2 Qxf2+ 42. Qxf2 Bxf2 43. Kxf2 f4 44. Kg2 Kg5 45. Kh3 h5 0-1

[Event "Nordic-ch Seniors"]
[Site "Elsinore"]
[Date "2007.07.21"]
[Round "1"]
[White "Jessen, Ernst J"]
[Black "Ofstad, Per"]
[Result "0-1"]
[WhiteElo "1577"]
[BlackElo "2169"]
[PlyCount "95"]
[EventDate "2007.07.21"]
[EventType "swiss"]
[EventRounds "9"]
[EventCountry "DEN"]
[Source "ChessBase"]
[SourceDate "2009.11.30"]

1. e4 e6 2. d4 d5 3. exd5 exd5 4. Nf3 Bd6 5. Bd3 Ne7 6. O-O O-O 7. Bg5 f6 8.
Bh4 Bf5 9. Bg3 Bg6 10. Bxg6 Nxg6 11. c3 Nc6 12. Re1 Bxg3 13. fxg3 Qd7 14. Nbd2
Rae8 15. Nf1 Rxe1 16. Qxe1 Nce7 17. Qd2 Nf5 18. Re1 Nd6 19. b3 Re8 20. Rxe8+
Qxe8 21. Ne3 Qe4 22. Qe1 Ne7 23. Qc1 c6 24. h3 h5 25. g4 hxg4 26. Nxg4 Ng6 27.
Nf2 Qe2 28. Qd2 Qxd2 29. Nxd2 Nf4 30. Kf1 Kf7 31. g3 Ne6 32. Ke2 Nf5 33. Kf3
Ng5+ 34. Kf4 Nd6 35. h4 Ne6+ 36. Ke3 Nf5+ 37. Kf3 b6 38. Nd3 Ke7 39. Nf4 Nc7
40. Ng6+ Kf7 41. h5 Nd6 42. Nf4 Ne6 43. Nxe6 Kxe6 44. g4 f5 45. g5 Ne4 46. Nxe4
fxe4+ 47. Kf4 Kf7 48. Kf5 0-1

[Event "Nordic-ch Seniors"]
[Site "Elsinore"]
[Date "2007.07.29"]
[Round "9"]
[White "Jessen, Ernst J"]
[Black "Olesen, Holger Vestergaard"]
[Result "1/2-1/2"]
[WhiteElo "1577"]
[BlackElo "1996"]
[PlyCount "45"]
[EventDate "2007.07.21"]
[EventType "swiss"]
[EventRounds "9"]
[EventCountry "DEN"]
[Source "ChessBase"]
[SourceDate "2009.11.30"]

1. e4 c6 2. d4 d5 3. Nc3 dxe4 4. Nxe4 Nf6 5. Nxf6+ gxf6 6. c3 Bf5 7. Bd3 Bg6 8.
Nf3 e6 9. Bxg6 hxg6 10. Be3 Nd7 11. Qe2 Qa5 12. h3 Bd6 13. Nd2 Bc7 14. Nb3 Qd5
15. Qf3 Qb5 16. Qe2 Qd5 17. Qf3 Qd6 18. O-O-O O-O-O 19. g3 g5 20. h4 Qe7 21.
hxg5 fxg5 22. Rxh8 Rxh8 23. Rh1 1/2-1/2

[Event "Nordic-ch Seniors"]
[Site "Elsinore"]
[Date "2007.07.27"]
[Round "7"]
[White "Jessen, Ernst J"]
[Black "Wicklund Hansen, Richard"]
[Result "0-1"]
[WhiteElo "1577"]
[BlackElo "1944"]
[PlyCount "66"]
[EventDate "2007.07.21"]
[EventType "swiss"]
[EventRounds "9"]
[EventCountry "DEN"]
[Source "ChessBase"]
[SourceDate "2009.11.30"]

1. e4 Nc6 2. Nf3 d6 3. Bb5 Bd7 4. O-O g6 5. c3 Bg7 6. d4 a6 7. Bd3 e5 8. d5
Nce7 9. c4 Nf6 10. Nc3 O-O 11. Re1 Nh5 12. Qc2 Rc8 13. Qe2 c6 14. Rb1 cxd5 15.
Nxd5 Nxd5 16. cxd5 f5 17. Nd2 Nf4 18. Qf1 fxe4 19. Nxe4 Bf5 20. Bxf4 exf4 21.
f3 Kh8 22. Kh1 Be5 23. Rec1 Qa5 24. Bc4 Rc7 25. Bb3 Rfc8 26. Rd1 Qb4 27. Qe1
Qb6 28. g3 fxg3 29. hxg3 g5 30. Rd2 Qb4 31. Qe2 g4 32. Qf2 gxf3 33. Ng5 Qg4 0-1

[Event "Nordic-ch Seniors"]
[Site "Elsinore"]
[Date "2007.07.24"]
[Round "4"]
[White "Jessen, Ernst J"]
[Black "Iversen, Jens"]
[Result "1/2-1/2"]
[WhiteElo "1577"]
[BlackElo "1550"]
[PlyCount "75"]
[EventDate "2007.07.21"]
[EventType "swiss"]
[EventRounds "9"]
[EventCountry "DEN"]
[Source "ChessBase"]
[SourceDate "2009.11.30"]

1. e4 c5 2. Nf3 d6 3. d4 cxd4 4. Nxd4 Nc6 5. Be3 Nf6 6. Nc3 g6 7. Bb5 Bd7 8.
Bxc6 Bxc6 9. Nxc6 bxc6 10. O-O Bg7 11. Qd2 O-O 12. Bh6 Bxh6 13. Qxh6 Ng4 14.
Qd2 Ne5 15. b3 Qa5 16. Rfd1 Rad8 17. Ne2 Qxd2 18. Rxd2 d5 19. Rad1 Rd7 20. c4
Rfd8 21. cxd5 cxd5 22. Rxd5 Rxd5 23. Rxd5 Rxd5 24. exd5 Kf8 25. Nc3 Nd3 26. Kf1
Nb4 27. Ke2 Ke8 28. Ke3 Kd7 29. Kd4 f6 30. Kc4 Nc2 31. Nb5 a6 32. Nd4 Nxd4 33.
Kxd4 Kc7 34. Kc5 Kb7 35. b4 Kc7 36. a4 Kb7 37. b5 axb5 38. axb5 1/2-1/2